| 000 | 00963nam a2200301 i 4500 | ||
|---|---|---|---|
| 001 | bg | ||
| 245 | 0 | 0 |
_aJakość życia - wymiar ekologiczny / _cpod red. Zdzisława M. Kozaka, Stanisława Kycia ; Politechnika Lubelska. |
| 260 |
_aLublin : _bWydawnictwa Uczelniane PL, _c1994. |
||
| 300 |
_a163 s. : _b2 wykr. ; _c24 cm. |
||
| 490 | 1 |
_aHumanizm Ekologiczny, _x1230-2694 ; _vvol. 3 |
|
| 504 | _aBibliogr. przy ref. | ||
| 650 | 9 | _aEutanazja | |
| 650 | 9 |
_aJakość życia _xsocjologia |
|
| 650 | 9 | _aNew Age | |
| 650 | 9 |
_aŚmiertelność _zPolska _yod 1944 r. |
|
| 650 | 9 |
_aŚrodowisko człowieka _xfilozofia |
|
| 700 | 1 |
_aKOZAK, Zdzisław M. _eRed. |
|
| 700 | 1 |
_aKYĆ, Stanisław. _eRed. |
|
| 710 | 0 | _aPolitechnika Lubelska | |
| 830 |
_aHumanizm Ekologiczny, _x1230-2694 ; |
||
| 020 | _a8386333812 | ||
| 040 | _cBPK | ||
| 041 | 0 | _apl | |
| 080 | _a316.7:504.05 | ||
| 920 | _a83-86333-81-2 | ||
| 942 | _cKS | ||
| 008 | s pl f |000 0 pol | ||
| 999 |
_c38455 _d38455 |
||
| 856 |
_uhttp://koha.tu.koszalin.pl/cgi-bin/koha/opac-detail.pl?biblionumber=38455 _yKatalog online BPK |
||